| 000 | 00458nam a22001697a 4500 | ||
|---|---|---|---|
| 999 |
_c171020 _d171020 |
||
| 005 | 20200102164935.0 | ||
| 010 | _aA-459544 | ||
| 020 | _c15.00 | ||
| 035 | _aA-459544 | ||
| 082 | _a841 | ||
| 100 | _aمحمد رمضان خاں | ||
| 245 |
_aموج صبا / _cمحمد رمضان خاں |
||
| 246 |
_aMauj-E-Saba / _bby Mohammad Ramzan Khan |
||
| 260 |
_a- _b- _c1990 ء |
||
| 300 |
_a368p. _c22cm(Hb) |
||
| 942 |
_2ddc _cUR _h841 _mص ب ا |
||